When Box is full / (Record no. 106284)
[ view plain ]
| 000 -LEADER | |
|---|---|
| fixed length control field | 00428nam a2200169 a 4500 |
| 005 - DATE AND TIME OF LATEST TRANSACTION | |
| control field | 20140412111428.0 |
| 008 - FIXED-LENGTH DATA ELEMENTS--GENERAL INFORMATION | |
| fixed length control field | 090224s19uu xx 00 eng d |
| 020 ## - INTERNATIONAL STANDARD BOOK NUMBER | |
| International Standard Book Number | 0-590-48762-0 |
| 050 ## - LIBRARY OF CONGRESS CALL NUMBER | |
| Classification number | TR(PS E |
| Item number | Wh56 1993 |
| 100 ## - MAIN ENTRY--PERSONAL NAME | |
| Personal name | Lillie, Patricia |
| 245 ## - TITLE STATEMENT | |
| Title | When Box is full / |
| Statement of responsibility, etc | Patricia Lillie. |
| 260 ## - PUBLICATION, DISTRIBUTION, ETC. (IMPRINT) | |
| Place of publication, distribution, etc | U.S.A : |
| Name of publisher, distributor, etc | Scholastic, |
| Date of publication, distribution, etc | 1993. |
| 300 ## - PHYSICAL DESCRIPTION | |
| Extent | 27p. |
| 650 ## - SUBJECT ADDED ENTRY--TOPICAL TERM | |
| Topical term or geographic name as entry element | Empty, Full |
| Withdrawn status | Lost status | Damaged status | Use restrictions | Home library | Current library | Shelving location | Date acquired | Source of acquisition | Cost, normal purchase price | Total Checkouts | Full call number | Barcode | Date last seen | Price effective from | Koha item type |
|---|---|---|---|---|---|---|---|---|---|---|---|---|---|---|---|
| Elizalde Library | Elizalde Library | Teachers Reference Section | 02/24/2009 | 105.00 | TR(PS E Wh56 1993 | E11541 | 04/12/2014 | 04/12/2014 | Books | ||||||
| Elizalde Library | Elizalde Library | Teachers Reference Section | 12/05/2009 | 50.00 | TR(PS E Wh56 1993 | E0260 | 04/12/2014 | 04/12/2014 | Books |